| 000 | 01527nam a22003734a 4500 | ||
|---|---|---|---|
| 001 | ebr10058850 | ||
| 003 | CaPaEBR | ||
| 006 | m u | ||
| 007 | cr cn||||||||| | ||
| 008 | 010604s2002 caua sb s001 0 eng | ||
| 010 | _z 2001041449 | ||
| 020 | _z0520221745 (cloth : alk. paper) | ||
| 040 |
_aCaPaEBR _cCaPaEBR |
||
| 035 | _a(OCoLC)55891230 | ||
| 050 | 1 | 4 |
_aHV6773.2 _b.B54 2002eb |
| 082 | 0 | 4 |
_a320.5/6/0820973 _221 |
| 100 | 1 | _aBlee, Kathleen M. | |
| 245 | 1 | 0 |
_aInside organized racism _h[electronic resource] : _bwomen in the hate movement / _cKathleen M. Blee. |
| 260 |
_aBerkeley : _bUniversity of California Press, _cc2002. |
||
| 300 |
_a272 p. : _bill. |
||
| 504 | _aIncludes bibliographical references and index. | ||
| 533 |
_aElectronic reproduction. _bPalo Alto, Calif. : _cebrary, _d2013. _nAvailable via World Wide Web. _nAccess may be limited to ebrary affiliated libraries. |
||
| 650 | 0 |
_aHate groups _zUnited States. |
|
| 650 | 0 |
_aWhite supremacy movements _zUnited States. |
|
| 650 | 0 |
_aRacism _zUnited States. |
|
| 650 | 0 |
_aWomen, White _zUnited States _xPsychology. |
|
| 650 | 0 |
_aWomen, White _zUnited States _xAttitudes. |
|
| 650 | 0 |
_aWomen, White _zUnited States _xConduct of life. |
|
| 650 | 0 |
_aWhites _xRace identity _zUnited States. |
|
| 651 | 0 |
_aUnited States _xRace relations. |
|
| 655 | 7 |
_aElectronic books. _2local |
|
| 710 | 2 | _aebrary, Inc. | |
| 856 | 4 | 0 |
_uhttp://site.ebrary.com/lib/rucke/Doc?id=10058850 _zAn electronic book accessible through the World Wide Web; click to view |
| 999 |
_c170558 _d170558 |
||